[Event "Gallarate Ricciardi op"]
[Site "Gallarate"]
[Date "2016.06.21"]
[Round "6"]
[White "Vada, Riccardo"]
[Black "Novi, Giuseppe"]
[Result "1/2-1/2"]
[WhiteElo "1943"]
[BlackElo "1852"]
[PlyCount "110"]
[EventDate "2016.05.17"]
[EventType "swiss"]
[EventRounds "6"]
[EventCountry "ITA"]
[SourceTitle "EXT 2018"]
[Source "ChessBase"]
[SourceDate "2017.10.13"]
[SourceVersion "1"]
[SourceVersionDate "2017.10.13"]
[SourceQuality "1"]

1. e4 c6 2. d4 d5 3. exd5 cxd5 4. Nf3 Nf6 5. Bd3 Bg4 6. 0-0 e6 7. h3 Bh5 8. g4 Bg6 9. Bb5+ Nc6 10. Ne5 Rc8 11. c4 Be7 12. Qa4 0-0 13. Bxc6 bxc6 14. Nxc6 Qd7 15. Nxe7+ Qxe7 16. b3 dxc4 17. Ba3 Qd7 18. Qxd7 Nxd7 19. Bxf8 Kxf8 20. bxc4 Rxc4 21. Rd1 Nf6 22. Na3 Rc3 23. Nb5 Rxh3 24. Kg2 Rh4 25. f3 a6 26. Nc7 Nd5 27. Nxd5 exd5 28. Kg3 Rh6 29. Rh1 Rxh1 30. Rxh1 Bd3 31. Re1 g5 32. Re5 Bc4 33. Rxg5 Bxa2 34. Kf4 a5 35. Rh5 Kg7 36. Ke5 a4 37. Rh1 Bb3 38. Rc1 a3 39. Rc7 a2 40. Ra7 Kg6 41. Kf4 h6 42. Ra6+ f6 43. Kg3 h5 44. Kh4 hxg4 45. fxg4 Bc4 46. Ra3 f5 47. Kg3 fxg4 48. Kxg4 Kf6 49. Kf4 Ke6 50. Ke3 Kd6 51. Kd2 Ke6 52. Kc3 Kf5 53. Kb4 Ke4 54. Kc5 Bb3 55. Kb4 Bc4 1/2-1/2

[Event "Ricciardi op 19th"]
[Site "Gallarate"]
[Date "2015.05.19"]
[Round "1"]
[White "Novi, Giuseppe"]
[Black "Milu, Tatiana"]
[Result "1-0"]
[WhiteElo "1872"]
[BlackElo "1629"]
[PlyCount "97"]
[EventDate "2015.05.19"]
[EventType "swiss"]
[EventRounds "6"]
[EventCountry "ITA"]
[SourceTitle "EXT 2017"]
[Source "ChessBase"]
[SourceDate "2016.10.25"]
[SourceVersion "1"]
[SourceVersionDate "2016.10.25"]
[SourceQuality "1"]

1. e4 d6 2. d4 Nf6 3. Nd2 g6 4. Ngf3 Bg7 5. h3 0-0 6. Bd3 Nc6 7. c3 b6 8. 0-0 Bb7 9. Re1 e5 10. d5 Ne7 11. Nf1 Nh5 12. c4 Bc8 13. g4 Nf4 14. Bxf4 exf4 15. Qd2 Bh6 16. Kh2 Bd7 17. g5 Bg7 18. Qxf4 Bxb2 19. Rab1 Bc3 20. Re3 Qc8 21. Qh4 Bg7 22. e5 dxe5 23. Nxe5 Bf5 24. Ng4 Bxd3 25. Rxe7 Qf5 26. Ng3 Qf3 27. Re3 Qxe3 28. fxe3 Bxb1 29. Nf6+ Bxf6 30. gxf6 h5 31. Qg5 Kh7 32. e4 Bxe4 33. Nxe4 Rfe8 34. Qf4 Rad8 35. Ng5+ Kg8 36. Ne6 Rd7 37. Nxc7 Re2+ 38. Kg3 Kh7 39. d6 Rxa2 40. Nd5 Ra3+ 41. Kh4 Rd3 42. Qe4 Rd1 43. Qe8 Rd4+ 44. Kg3 h4+ 45. Kg2 Rxd6 46. Qxf7+ Kh6 47. Qf8+ Kg5 48. Qxd6 Rxc4 49. f7 1-0

[Event "Robecchetto Primavera op 12th"]
[Site "Robecchetto"]
[Date "2015.05.14"]
[Round "6"]
[White "Novi, Giuseppe"]
[Black "Rutigliano, Cesare"]
[Result "1-0"]
[WhiteElo "1872"]
[BlackElo "1639"]
[PlyCount "93"]
[EventDate "2015.04.02"]
[EventType "swiss"]
[EventRounds "7"]
[EventCountry "ITA"]
[SourceTitle "EXT 2017"]
[Source "ChessBase"]
[SourceDate "2016.10.25"]
[SourceVersion "1"]
[SourceVersionDate "2016.10.25"]
[SourceQuality "1"]

1. e4 d5 2. exd5 Nf6 3. d4 Nxd5 4. Nf3 Bg4 5. Be2 e6 6. 0-0 Be7 7. c3 0-0 8. Nbd2 Nd7 9. Nc4 c5 10. Ne3 Nxe3 11. fxe3 cxd4 12. exd4 h6 13. h3 Bh5 14. Bf4 Nf6 15. Qe1 Nd5 16. Bd2 Qb6 17. b3 Rac8 18. Bc4 Bf6 19. Ne5 Rcd8 20. Qg3 Bxe5 21. Qxe5 Bg6 22. Qg3 Nf6 23. Rae1 Nh5 24. Qh4 Qd6 25. Re5 Qxe5 26. dxe5 Rxd2 27. g4 Be4 28. Rf2 Rd1+ 29. Bf1 Nf4 30. g5 hxg5 31. Qg4 Re1 32. Kh2 f6 33. h4 Bf5 34. Qg3 gxh4 35. Qxf4 Re4 36. Qd2 Rxe5 37. Bc4 Kh7 38. Rg2 Bg6 39. Qd7 Rf7 40. Qe8 Rg5 41. Rxg5 fxg5 42. Qxe6 Rf6 43. Qg8+ Kh6 44. Qh8+ Bh7 45. Bg8 g4 46. Qxh7+ Kg5 47. Qxg7+ 1-0

[Event "Robecchetto Primavera op 12th"]
[Site "Robecchetto"]
[Date "2015.04.23"]
[Round "4"]
[White "Novi, Giuseppe"]
[Black "Pappalardo, Antonio"]
[Result "1-0"]
[WhiteElo "1872"]
[BlackElo "1659"]
[PlyCount "131"]
[EventDate "2015.04.02"]
[EventType "swiss"]
[EventRounds "7"]
[EventCountry "ITA"]
[SourceTitle "EXT 2017"]
[Source "ChessBase"]
[SourceDate "2016.10.25"]
[SourceVersion "1"]
[SourceVersionDate "2016.10.25"]
[SourceQuality "1"]

1. e4 c5 2. Nf3 g6 3. Bc4 Bg7 4. 0-0 Nc6 5. c3 Qb6 6. Re1 d6 7. Na3 Nf6 8. h3 0-0 9. d4 cxd4 10. cxd4 e6 11. Nc2 d5 12. exd5 exd5 13. Bd3 Nb4 14. Nxb4 Qxb4 15. a3 Qb6 16. b4 Bd7 17. Be3 Rac8 18. Qb3 a6 19. Rac1 Rxc1 20. Rxc1 Rc8 21. Rc5 Bf8 22. Rxc8 Bxc8 23. Qc3 Qc6 24. Qd2 Ne4 25. Bxe4 dxe4 26. d5 Qa4 27. Ng5 Qxa3 28. d6 Qd3 29. Qa2 Be6 30. Nxe6 Bxd6 31. Nf4 Qd1+ 32. Kh2 g5 33. g3 gxf4 34. gxf4 Qd3 35. Qb2 Qd5 36. Qf6 Qe6 37. Qd8+ Kg7 38. Qg5+ Qg6 39. Qd5 b6 40. Kh1 Qh6 41. Kg2 Qg6+ 42. Kf1 Qe6 43. Qg5+ Kf8 44. Qd8+ Kg7 45. Kg2 Be7 46. Qd4+ f6 47. Bd2 Kg6 48. Qe3 f5 49. Qg3+ Kf7 50. Qc3 b5 51. Qh8 Qh6 52. Kh2 Qg7 53. Qc8 Qg6 54. Qd7 Qe6 55. Qd4 Qd6 56. Qc3 Ke6 57. Qb3+ Qd5 58. Qc3 Kf7 59. Be3 a5 60. bxa5 b4 61. Qb2 Bf6 62. Qxb4 Be7 63. Qa4 Bd8 64. a6 Ba5 65. a7 Kg6 66. Qe8+ 1-0

[Event "Gallarate Ricciardi op 18th"]
[Site "Gallarate"]
[Date "2014.06.03"]
[Round "4"]
[White "Novi, Giuseppe"]
[Black "Vada, Riccardo"]
[Result "0-1"]
[WhiteElo "1802"]
[BlackElo "1653"]
[PlyCount "68"]
[EventDate "2014.05.13"]
[EventType "swiss"]
[EventRounds "6"]
[EventCountry "ITA"]
[SourceTitle "EXT 2024"]
[Source "ChessBase"]
[SourceDate "2023.10.10"]
[SourceVersion "1"]
[SourceVersionDate "2023.10.10"]
[SourceQuality "1"]

1. e4 c5 2. Nf3 d6 3. d4 cxd4 4. Nxd4 Nc6 5. Nxc6 bxc6 6. Bc4 Nf6 7. Nc3 e6 8. 0-0 Be7 9. Bf4 d5 10. exd5 exd5 11. Bd3 0-0 12. Qf3 Be6 13. Rad1 Bg4 14. Qg3 Bxd1 15. Rxd1 g6 16. Bh6 Re8 17. Ne2 Qd7 18. Nd4 Qg4 19. Qxg4 Nxg4 20. Bf4 Bc5 21. Bf1 Re4 22. Be3 Nxe3 23. fxe3 Rxe3 24. Kh1 Rae8 25. Nf3 g5 26. h3 R8e6 27. Bd3 g4 28. Ng5 Re1+ 29. Rxe1 Rxe1+ 30. Kh2 Bd6+ 31. g3 h6 32. Nh7 Kg7 33. hxg4 Re3 34. g5 Rxd3 0-1

[Event "Gallarate Ricciardi op 18th"]
[Site "Gallarate"]
[Date "2014.05.27"]
[Round "3"]
[White "Virgilio, Gianluca"]
[Black "Novi, Giuseppe"]
[Result "1-0"]
[WhiteElo "1787"]
[BlackElo "1802"]
[PlyCount "81"]
[EventDate "2014.05.13"]
[EventType "swiss"]
[EventRounds "6"]
[EventCountry "ITA"]
[SourceTitle "EXT 2024"]
[Source "ChessBase"]
[SourceDate "2023.10.10"]
[SourceVersion "1"]
[SourceVersionDate "2023.10.10"]
[SourceQuality "1"]

1. d4 e6 2. Nf3 c5 3. e3 cxd4 4. exd4 Nf6 5. Bd3 Be7 6. 0-0 0-0 7. c3 d6 8. Bf4 b6 9. Nbd2 Bb7 10. h3 Na6 11. Re1 Nc7 12. Nc4 Ncd5 13. Bh2 b5 14. Ne3 a6 15. Rc1 Rc8 16. Bb1 Qb6 17. Qd3 g6 18. b3 Nh5 19. Nxd5 Bxd5 20. Nd2 Rfd8 21. c4 Ba8 22. Ne4 Bf8 23. Qe3 Bg7 24. Red1 bxc4 25. bxc4 e5 26. dxe5 Qxe3 27. fxe3 dxe5 28. Rxd8+ Rxd8 29. c5 Bc6 30. Nd6 Bh6 31. Kf2 f6 32. Be4 Bxe4 33. Nxe4 Rc8 34. g4 Ng7 35. Nxf6+ Kf7 36. Ne4 Ke6 37. g5 Bxg5 38. Nxg5+ Kd5 39. Rd1+ Kc4 40. Bxe5 Rxc5 41. Rc1+ 1-0

[Event "Robecchetto Spring 11th A"]
[Site "Robecchetto"]
[Date "2014.05.22"]
[Round "6"]
[White "Novi, Giuseppe"]
[Black "Trenti, Alessandro"]
[Result "1-0"]
[WhiteElo "1802"]
[BlackElo "1780"]
[PlyCount "73"]
[EventDate "2014.04.10"]
[EventType "swiss"]
[EventRounds "7"]
[EventCountry "ITA"]
[SourceTitle "EXT 2024"]
[Source "ChessBase"]
[SourceDate "2023.10.10"]
[SourceVersion "1"]
[SourceVersionDate "2023.10.10"]
[SourceQuality "1"]

1. e4 c5 2. Nf3 Nc6 3. d4 cxd4 4. Nxd4 d6 5. Nc3 Nf6 6. Be3 g6 7. Bc4 Bg7 8. f3 0-0 9. 0-0 Bd7 10. Nxc6 Bxc6 11. Qd2 a6 12. Rad1 Qc7 13. Bb3 Rac8 14. Ne2 Rfd8 15. Bh6 d5 16. e5 Bxh6 17. Qxh6 Qxe5 18. Nd4 e6 19. Rfe1 Qd6 20. Qg5 Nd7 21. h4 Re8 22. h5 Qe7 23. Qg3 Nc5 24. hxg6 hxg6 25. Nf5 Qf8 26. Nd6 Nxb3 27. axb3 Red8 28. Nxc8 Rxc8 29. Rd4 Qc5 30. c3 b5 31. b4 Qb6 32. Qe5 Qc7 33. Qf6 Qg3 34. Re2 g5 35. Rg4 Qc7 36. Rxg5+ Kf8 37. Rh5 1-0

[Event "Robecchetto Spring 11th A"]
[Site "Robecchetto"]
[Date "2014.05.15"]
[Round "5"]
[White "Moroni, Luca"]
[Black "Novi, Giuseppe"]
[Result "1-0"]
[WhiteElo "1862"]
[BlackElo "1802"]
[PlyCount "85"]
[EventDate "2014.04.10"]
[EventType "swiss"]
[EventRounds "7"]
[EventCountry "ITA"]
[SourceTitle "EXT 2024"]
[Source "ChessBase"]
[SourceDate "2023.10.10"]
[SourceVersion "1"]
[SourceVersionDate "2023.10.10"]
[SourceQuality "1"]

1. d4 Nf6 2. Nf3 g6 3. Bf4 d6 4. h3 Bg7 5. e3 0-0 6. Bc4 Nbd7 7. 0-0 c5 8. c3 cxd4 9. exd4 Nb6 10. Bb3 Bf5 11. Nbd2 Rc8 12. Re1 Qc7 13. Rc1 h6 14. Qe2 Rfe8 15. Nh4 Qd7 16. Nxf5 Qxf5 17. Bh2 Nfd7 18. Nf3 e5 19. dxe5 dxe5 20. Nd2 Nc5 21. Bc2 Qe6 22. b4 Ncd7 23. Bb3 Qc6 24. Ne4 Nf6 25. Qf3 Rc7 26. Nxf6+ Bxf6 27. Qg4 Kg7 28. c4 Rce7 29. c5 Na8 30. Rcd1 Nc7 31. Rd6 Qb5 32. a3 e4 33. Bf4 Be5 34. Bxf7 Rxf7 35. Qxg6+ Kf8 36. Bxe5 Rxe5 37. Rd8+ Re8 38. Qxh6+ Kg8 39. Qg6+ Rg7 40. Qd6 Qc6 41. Qxc6 bxc6 42. Rxe8+ Nxe8 43. Rxe4 1-0

[Event "Robecchetto Spring 11th A"]
[Site "Robecchetto"]
[Date "2014.05.08"]
[Round "4"]
[White "Novi, Giuseppe"]
[Black "Barrera, Pietro"]
[Result "1-0"]
[WhiteElo "1802"]
[BlackElo "1925"]
[PlyCount "85"]
[EventDate "2014.04.10"]
[EventType "swiss"]
[EventRounds "7"]
[EventCountry "ITA"]
[SourceTitle "EXT 2024"]
[Source "ChessBase"]
[SourceDate "2023.10.10"]
[SourceVersion "1"]
[SourceVersionDate "2023.10.10"]
[SourceQuality "1"]

1. e4 c5 2. Nf3 Nc6 3. d4 cxd4 4. Nxd4 Nf6 5. Nc3 g6 6. Bc4 Bg7 7. Be3 0-0 8. a3 d6 9. 0-0 Bd7 10. f3 a6 11. Bb3 b5 12. Re1 Qc7 13. Rc1 Na5 14. Nd5 Nxd5 15. Bxd5 Rac8 16. c3 Nc4 17. Bxc4 bxc4 18. Nc2 Ba4 19. Qd2 a5 20. Bh6 Rb8 21. Bxg7 Kxg7 22. Ne3 Rfc8 23. Rb1 e6 24. Ng4 Qc5+ 25. Kh1 g5 26. e5 h6 27. Re4 Bc6 28. Ree1 Rd8 29. Qe2 dxe5 30. Nxe5 Bd5 31. Ng4 f6 32. Ne3 e5 33. Nf5+ Kg6 34. Qc2 e4 35. fxe4 Be6 36. Nd4 Rxd4 37. cxd4 Qxd4 38. Rf1 Qe5 39. Rf2 Rb3 40. Rbf1 Kg7 41. Rxf6 Re3 42. Qf2 Rxe4 43. Qa7+ 1-0

[Event "Robecchetto op-B 24th"]
[Site "Robecchetto"]
[Date "2013.12.28"]
[Round "2"]
[White "Novi, Giuseppe"]
[Black "Coqueraut, Lodewyk"]
[Result "1-0"]
[WhiteElo "1822"]
[BlackElo "1724"]
[PlyCount "73"]
[EventDate "2013.12.27"]
[EventType "swiss"]
[EventRounds "6"]
[EventCountry "ITA"]
[SourceTitle "EXT 2015"]
[Source "ChessBase"]
[SourceDate "2014.11.20"]
[SourceVersion "1"]
[SourceVersionDate "2014.11.20"]
[SourceQuality "1"]

1. e4 c5 2. Nf3 d6 3. Bc4 e6 4. 0-0 Nf6 5. Re1 Be7 6. c3 0-0 7. d4 cxd4 8. cxd4 Qc7 9. Bd3 e5 10. Be3 Bg4 11. h3 Bh5 12. Nbd2 Nbd7 13. Rc1 Qb8 14. Qb3 Bg6 15. Nh4 exd4 16. Nxg6 hxg6 17. Bxd4 Nc5 18. Bxc5 dxc5 19. e5 Nd7 20. e6 Bg5 21. Rcd1 Ne5 22. Bb1 Bxd2 23. exf7+ Rxf7 24. Rxd2 c4 25. Qc3 Re7 26. Rde2 Qd6 27. Rxe5 Rxe5 28. Qxe5 Qb6 29. Qe6+ Qxe6 30. Rxe6 Kf7 31. Rd6 Ke7 32. Rxg6 Rd8 33. Be4 Rd1+ 34. Kh2 Rd2 35. Rxg7+ Kf6 36. Rxb7 Rxf2 37. Bd5 1-0

[Event "Robecchetto Autunn op 10th"]
[Site "Robecchetto"]
[Date "2013.10.10"]
[Round "2"]
[White "Rosescu, Liviu"]
[Black "Novi, Giuseppe"]
[Result "0-1"]
[WhiteElo "1713"]
[BlackElo "1827"]
[PlyCount "180"]
[EventDate "2013.10.03"]
[EventType "swiss"]
[EventRounds "7"]
[EventCountry "ITA"]
[SourceTitle "EXT 2015"]
[Source "ChessBase"]
[SourceDate "2014.11.20"]
[SourceVersion "1"]
[SourceVersionDate "2014.11.20"]
[SourceQuality "1"]

1. d4 Nf6 2. Bg5 e6 3. Bxf6 Qxf6 4. e3 c5 5. c3 cxd4 6. cxd4 Bb4+ 7. Nc3 0-0 8. Nf3 Nc6 9. a3 Ba5 10. Be2 a6 11. 0-0 b5 12. b4 Bb6 13. Rc1 Bb7 14. Qd2 Rac8 15. Ne4 Qe7 16. Nc5 Bxc5 17. dxc5 Rcd8 18. Rfd1 Qf6 19. Qc3 Qg6 20. Rd2 Ne7 21. Qe5 Bc6 22. Qg5 Qxg5 23. Nxg5 h6 24. Nf3 f5 25. Rcd1 Nd5 26. Nd4 Bb7 27. Bf3 Ba8 28. Rd3 Kf7 29. Nxf5 Kf6 30. Nd6 Ke7 31. Bxd5 Bxd5 32. e4 Bc6 33. Rg3 g5 34. h4 Rg8 35. hxg5 hxg5 36. f3 Rg6 37. Kf2 Rh8 38. Rh3 Rxh3 39. gxh3 Rh6 40. Kg3 Rh4 41. Rf1 Rf4 42. Rh1 Rh4 43. Kf2 Kf6 44. Ke3 e5 45. Ne8+ Kf7 46. Nd6+ Ke6 47. Nf5 Rf4 48. h4 g4 49. Rf1 Bxe4 50. Nd4+ Kf6 51. Ne2 Rxf3+ 52. Rxf3+ Bxf3 53. Ng3 Kg6 54. Kf2 Bd5 55. Ke3 Kf6 56. Nh5+ Kg6 57. Ng3 Bf3 58. Kf2 e4 59. Ke3 Kf6 60. Kd4 Kg6 61. Ke3 Bg2 62. Kf4 Bf3 63. Ke3 Bg2 64. Kd4 Kf6 65. Ke3 Ke5 66. Nh5 Bf1 67. Ng3 Bc4 68. Nh5 Bb3 69. Ng3 Bd5 70. Nh5 d6 71. cxd6 Kxd6 72. Kf4 Ke6 73. Kxg4 Ke5 74. Kg3 e3 75. Nf4 Be4 76. Ng2 Kd4 77. Ne1 Kc3 78. Kf4 Kd4 79. h5 Bh7 80. Kf3 Bb1 81. Ng2 Be4+ 82. Kg3 Bxg2 83. Kxg2 Kd3 84. h6 e2 85. h7 e1Q 86. h8Q Qe2+ 87. Kg3 Qe3+ 88. Kg2 Kc4 89. Qb2 Qe4+ 90. Kf1 Qh1+ 0-1

[Event "Robecchetto Autunn op 10th"]
[Site "Robecchetto"]
[Date "2013.10.03"]
[Round "1"]
[White "Novi, Giuseppe"]
[Black "Madaschi, Sergio"]
[Result "1-0"]
[WhiteElo "1827"]
[BlackElo "1522"]
[PlyCount "63"]
[EventDate "2013.10.03"]
[EventType "swiss"]
[EventRounds "7"]
[EventCountry "ITA"]
[SourceTitle "EXT 2015"]
[Source "ChessBase"]
[SourceDate "2014.11.20"]
[SourceVersion "1"]
[SourceVersionDate "2014.11.20"]
[SourceQuality "1"]

1. d4 d5 2. c4 c6 3. Nf3 Nf6 4. h3 e6 5. Nc3 Nbd7 6. cxd5 exd5 7. Bg5 Be7 8. e3 Qa5 9. Bd3 Bb4 10. Qc2 0-0 11. 0-0 Re8 12. Rac1 Bxc3 13. bxc3 Ne4 14. Bf4 Ndf6 15. c4 Be6 16. c5 h6 17. Rb1 Rab8 18. Bxb8 Rxb8 19. Rfd1 Nc3 20. Ne5 Nxb1 21. Rxb1 Qc7 22. a4 b6 23. cxb6 axb6 24. Qxc6 Qa7 25. Qd6 Ne8 26. Qb4 Qc7 27. a5 f6 28. axb6 Qb7 29. Ng6 Qf7 30. Ne7+ Kh8 31. Nc6 Nc7 32. Nxb8 1-0

[Event "Gallarate Ricciardi op 17th"]
[Site "Gallarate"]
[Date "2013.06.18"]
[Round "4"]
[White "Novi, Giuseppe"]
[Black "Cunati, Valerio"]
[Result "1-0"]
[WhiteElo "1801"]
[BlackElo "1703"]
[PlyCount "48"]
[EventDate "2013.05.28"]
[EventType "swiss"]
[EventRounds "6"]
[EventCountry "ITA"]
[SourceTitle "EXT 2024"]
[Source "ChessBase"]
[SourceDate "2023.10.10"]
[SourceVersion "1"]
[SourceVersionDate "2023.10.10"]
[SourceQuality "1"]

1. e4 e5 2. Nf3 Nc6 3. Bb5 a6 4. Ba4 Nf6 5. 0-0 b5 6. Bb3 Bc5 7. Re1 0-0 8. c3 d6 9. d4 exd4 10. cxd4 Bb6 11. h3 Bb7 12. Nc3 h6 13. Bf4 Re8 14. Rc1 Na5 15. Bc2 b4 16. Nd5 Bxd5 17. exd5 Nxd5 18. Qd3 Nf6 19. Bg3 g5 20. Qf5 Rxe1+ 21. Rxe1 d5 22. Be5 Ne4 23. Rxe4 Qc8 24. Qf6 Kf8 1-0

[Event "Varese Province-ch"]
[Site "Gallarate"]
[Date "2013.01.20"]
[Round "2"]
[White "Novi, Giuseppe"]
[Black "Musso, Roberto"]
[Result "1-0"]
[WhiteElo "1818"]
[BlackElo "1753"]
[PlyCount "51"]
[EventDate "2013.01.19"]
[EventType "swiss"]
[EventRounds "6"]
[EventCountry "ITA"]
[SourceTitle "EXT 2024"]
[Source "ChessBase"]
[SourceDate "2023.10.10"]
[SourceVersion "1"]
[SourceVersionDate "2023.10.10"]
[SourceQuality "1"]

1. e4 e5 2. Nf3 Nc6 3. Bb5 Nf6 4. 0-0 a6 5. Ba4 Be7 6. c3 b5 7. Bc2 0-0 8. d4 d6 9. h3 Re8 10. Re1 h6 11. Nbd2 Bf8 12. Nf1 Rb8 13. Ng3 Bd7 14. b3 b4 15. c4 exd4 16. Nxd4 Nxd4 17. Qxd4 c5 18. Qd3 g6 19. Bb2 Bc6 20. Rad1 Qe7 21. e5 dxe5 22. Rxe5 Qc7 23. Rde1 Bd6 24. R5e3 Rxe3 25. Rxe3 Re8 26. Bxf6 1-0

[Event "Robecchetto Spring op 9th"]
[Site "Robecchetto"]
[Date "2012.04.26"]
[Round "3"]
[White "Macchiettini, Pierangelo"]
[Black "Novi, Giuseppe"]
[Result "0-1"]
[WhiteElo "1701"]
[BlackElo "1810"]
[PlyCount "82"]
[EventDate "2012.04.12"]
[EventType "swiss"]
[EventRounds "7"]
[EventCountry "ITA"]
[SourceTitle "EXT 2024"]
[Source "ChessBase"]
[SourceDate "2023.10.10"]
[SourceVersion "1"]
[SourceVersionDate "2023.10.10"]
[SourceQuality "1"]

1. d4 e6 2. c4 c5 3. d5 d6 4. Nc3 Nf6 5. e4 Be7 6. Be2 0-0 7. dxe6 Bxe6 8. Nf3 Nc6 9. 0-0 a6 10. a3 Qc7 11. Be3 Rfd8 12. Qc2 Rab8 13. Rad1 Ng4 14. Bf4 Nge5 15. Nxe5 dxe5 16. Be3 Nd4 17. Bxd4 cxd4 18. Nd5 Bxd5 19. exd5 b5 20. Rc1 bxc4 21. Bxc4 Rbc8 22. Qe4 Qd6 23. a4 a5 24. b3 g6 25. f4 Bf6 26. fxe5 Bxe5 27. h3 Re8 28. Qf3 f6 29. Kh1 Kg7 30. Bb5 Rxc1 31. Rxc1 Re7 32. Bc4 Bf4 33. Rd1 Re3 34. Qf1 Qe5 35. Qf2 Qe4 36. Kg1 Rxb3 37. Kf1 Rc3 38. Qxd4 Rxc4 39. Qa7+ Rc7 40. Qxa5 Rc2 41. Qa7+ Kh6 0-1

[Event "Robecchetto Autumn op 8th"]
[Site "Robecchetto"]
[Date "2011.11.24"]
[Round "6"]
[White "Novi, Giuseppe"]
[Black "Alberio, Silvio"]
[Result "0-1"]
[WhiteElo "1829"]
[BlackElo "1763"]
[PlyCount "66"]
[EventDate "2011.10.20"]
[EventType "swiss"]
[EventRounds "7"]
[EventCountry "ITA"]
[SourceTitle "EXT 2024"]
[Source "ChessBase"]
[SourceDate "2023.10.10"]
[SourceVersion "1"]
[SourceVersionDate "2023.10.10"]
[SourceQuality "1"]

1. e4 e6 2. d4 d5 3. Nd2 Nf6 4. e5 Nfd7 5. Bd3 c5 6. c3 Nc6 7. Ne2 Qb6 8. Nf3 cxd4 9. cxd4 Be7 10. 0-0 f6 11. exf6 Nxf6 12. b3 Bd7 13. Bf4 Nb4 14. Bb1 Bd6 15. Bxd6 Qxd6 16. a3 Nc6 17. Re1 0-0 18. Ng3 Qf4 19. Bd3 Rac8 20. Ne2 Qh6 21. Rc1 Ng4 22. h3 Rxf3 23. gxf3 Nf6 24. Kh2 e5 25. Ng1 Nh5 26. dxe5 Nf4 27. Bf1 Be6 28. Qd2 Rf8 29. Ne2 Nxe5 30. Qe3 Ned3 31. Nxf4 Nxf4 32. Qe5 Bxh3 33. Kg3 Bxf1 0-1

[Event "Robecchetto Spring op 8th"]
[Site "Robecchetto"]
[Date "2011.05.19"]
[Round "7"]
[White "Salerno, Christian1111"]
[Black "Novi, Giuseppe"]
[Result "1/2-1/2"]
[WhiteElo "1546"]
[BlackElo "1816"]
[PlyCount "40"]
[EventDate "2011.04.07"]
[EventType "swiss"]
[EventRounds "7"]
[EventCountry "ITA"]
[SourceTitle "EXT 2024"]
[Source "ChessBase"]
[SourceDate "2023.10.10"]
[SourceVersion "1"]
[SourceVersionDate "2023.10.10"]
[SourceQuality "1"]

1. Nf3 d5 2. b3 Bg4 3. Bb2 Nd7 4. Ne5 Nxe5 5. Bxe5 f6 6. Bg3 e5 7. c3 Bd6 8. d3 Ne7 9. Nd2 0-0 10. Qc2 Rc8 11. f3 Be6 12. e4 c6 13. Bf2 b6 14. Be2 Qe8 15. 0-0 Qg6 16. Kh1 f5 17. g3 Qh6 18. Kg2 fxe4 19. dxe4 Ng6 20. Rh1 Bh3+ 1/2-1/2

[Event "Robecchetto Spring op 8th"]
[Site "Robecchetto"]
[Date "2011.05.05"]
[Round "5"]
[White "Novi, Giuseppe"]
[Black "Madaschi, Sergio"]
[Result "1-0"]
[WhiteElo "1816"]
[BlackElo "1620"]
[PlyCount "81"]
[EventDate "2011.04.07"]
[EventType "swiss"]
[EventRounds "7"]
[EventCountry "ITA"]
[SourceTitle "EXT 2024"]
[Source "ChessBase"]
[SourceDate "2023.10.10"]
[SourceVersion "1"]
[SourceVersionDate "2023.10.10"]
[SourceQuality "1"]

1. e4 c5 2. Nf3 e6 3. c3 Nf6 4. e5 Nd5 5. Bc4 Nb6 6. Bb3 Be7 7. 0-0 0-0 8. d4 d5 9. Be3 cxd4 10. cxd4 Nc6 11. Nc3 Bd7 12. Rc1 Rc8 13. Bc2 Nc4 14. b3 Nxe3 15. fxe3 a5 16. Ne2 f5 17. exf6 Bxf6 18. Qd3 g6 19. a3 Qe7 20. b4 Qg7 21. Nf4 Rfe8 22. Nd2 Nb8 23. Rf3 Bc6 24. Qb3 Kh8 25. Rh3 Kg8 26. a4 Bd7 27. Rf1 Rf8 28. Rg3 Qe7 29. Bxg6 Bh4 30. Rg4 Bg5 31. Bb1 Kh8 32. Qd3 Rg8 33. Nf3 Bxf4 34. Rxf4 Qg7 35. g3 Bxa4 36. Ne5 Bb5 37. Qd1 Be8 38. Nf7+ Bxf7 39. Rxf7 Qxg3+ 40. hxg3 Rxg3+ 41. Kh2 1-0

[Event "Robecchetto Spring op 8th"]
[Site "Robecchetto"]
[Date "2011.04.28"]
[Round "4"]
[White "Volpe, Antonio"]
[Black "Novi, Giuseppe"]
[Result "0-1"]
[WhiteElo "1715"]
[BlackElo "1816"]
[PlyCount "70"]
[EventDate "2011.04.07"]
[EventType "swiss"]
[EventRounds "7"]
[EventCountry "ITA"]
[SourceTitle "EXT 2024"]
[Source "ChessBase"]
[SourceDate "2023.10.10"]
[SourceVersion "1"]
[SourceVersionDate "2023.10.10"]
[SourceQuality "1"]

1. e4 c6 2. f4 d5 3. e5 Bf5 4. Nf3 e6 5. d4 c5 6. Bb5+ Nc6 7. 0-0 Nh6 8. c3 Be7 9. Nbd2 0-0 10. h3 Qb6 11. Bxc6 bxc6 12. g4 Bd3 13. Rf2 cxd4 14. cxd4 c5 15. Nf1 Be4 16. Be3 Rac8 17. Ng3 Bg6 18. f5 exf5 19. Bxh6 fxg4 20. hxg4 gxh6 21. Nf5 Qe6 22. Nxe7+ Qxe7 23. Qd2 Kg7 24. Raf1 cxd4 25. Rh2 Rc2 26. Qxh6+ Kg8 27. Rxc2 Bxc2 28. Rf2 Bg6 29. Qd2 d3 30. g5 Qe6 31. Qf4 Qc8 32. Nh4 Be4 33. Nf5 Bxf5 34. Qxf5 Qxf5 35. Rxf5 d2 0-1

[Event "Robecchetto Spring op 8th"]
[Site "Robecchetto"]
[Date "2011.04.07"]
[Round "1"]
[White "Ruggeri, Igor"]
[Black "Novi, Giuseppe"]
[Result "0-1"]
[WhiteElo "1527"]
[BlackElo "1816"]
[PlyCount "62"]
[EventDate "2011.04.07"]
[EventType "swiss"]
[EventRounds "7"]
[EventCountry "ITA"]
[SourceTitle "EXT 2024"]
[Source "ChessBase"]
[SourceDate "2023.10.10"]
[SourceVersion "1"]
[SourceVersionDate "2023.10.10"]
[SourceQuality "1"]

1. d4 Nf6 2. c4 g6 3. Nc3 Bg7 4. Nf3 0-0 5. e4 d6 6. h3 Nbd7 7. Bd3 e5 8. d5 h6 9. 0-0 Nh5 10. b4 Nf4 11. Bxf4 exf4 12. Rc1 Ne5 13. Nxe5 Bxe5 14. Qf3 a6 15. b5 Qh4 16. Ne2 g5 17. g4 fxg3 18. fxg3 Qxh3 19. Rf2 Bg4 20. Qg2 Qh5 21. Nf4 gxf4 22. gxf4 Bd4 23. Rcc2 Bxf2+ 24. Rxf2 Qh3 25. Be2 Qxg2+ 26. Rxg2 h5 27. f5 Kg7 28. Bxg4 hxg4 29. Rxg4+ Kf6 30. Kf2 Rg8 31. Rh4 Rh8 0-1

[Event "Varese op 10th"]
[Site "Varese"]
[Date "2010.10.17"]
[Round "5"]
[White "Novi, Giuseppe"]
[Black "Mondini, Francesco"]
[Result "1-0"]
[WhiteElo "1826"]
[BlackElo "1517"]
[PlyCount "67"]
[EventDate "2010.10.09"]
[EventType "swiss"]
[EventRounds "6"]
[EventCountry "ITA"]
[SourceTitle "EXT 2024"]
[Source "ChessBase"]
[SourceDate "2023.10.10"]
[SourceVersion "1"]
[SourceVersionDate "2023.10.10"]
[SourceQuality "1"]

1. e4 e5 2. Nf3 Nc6 3. Bb5 a6 4. Ba4 Nf6 5. 0-0 b5 6. Bb3 Bc5 7. d3 0-0 8. Bg5 h6 9. Bh4 Be7 10. c3 d6 11. h3 Na5 12. Bc2 Be6 13. Nbd2 c6 14. b4 Nb7 15. a3 Qd7 16. Re1 a5 17. Nf1 Rfe8 18. Ne3 Nh7 19. Bg3 Nf6 20. Nh4 g5 21. Nhf5 Kh7 22. d4 Rg8 23. dxe5 dxe5 24. Qxd7 Nxd7 25. Nxe7 Rgd8 26. Nxc6 Rdc8 27. Nxe5 Rxc3 28. Nxd7 Bxd7 29. e5+ Kg8 30. Be4 Bc6 31. Nd5 Bxd5 32. Bxd5 Ra7 33. e6 fxe6 34. Rxe6 1-0